000 00775nam a22001817a 4500
005 20240502160555.0
010 _aHIN-127449
020 _c400.00
_a9789393781000
035 _aHN-99795
037 _bDBAD
082 _a821
100 _aठाकुर, लता
_965517
245 _aआवारा आत्मा:
_bकाव्य संग्रह/
_cलता ठाकुर
260 _aनई दिल्ली
_bस्पोर्ट्स पब्लिकेशन
_c2022
270 _a7/26, ग्राउंड फ्लोर, अंसारी रोड, दरियागंज
_bनई दिल्ली
_e110002
300 _a144पृ.
_c22सेमी (सजिल्द)
942 _cHN
_2ddc
_h821
_mठाकुर
999 _c202582
_d202582